Cargando...

Freeing the spirit the Iconic women of modern India

Detalles Bibliográficos
Autor principal: Malvika Singh (ed.)
Formato: Printed Book
Publicado: New Delhi Penguin 2006
Materias:
LEADER 00658nam a22001931a 4500
020 |a 9780143100829  |c 0.00 
040 |a SSUS - Library - Kalady 
082 |a 305.489 6  |b MAL/F 
100 |a Malvika Singh (ed.) 
245 |a Freeing the spirit the Iconic women of modern India  |h [Text] 
260 |a New Delhi  |b Penguin  |c 2006 
300 |a 215p. 
600 |a Iconic women 
600 |a Social Status Women 
600 |a Women Status 
852 |h 305.489 6  |i MAL/F  |p 055071  |9 295.00  |t 0 
942 |c BK 
999 |c 15069  |d 15069 
952 |0 0  |1 0  |4 0  |6 305_489000000000000_6_MAL_F  |7 0  |9 21407  |a SSUS  |b SSUS  |d 2015-01-08  |g 295.00  |o 305.489 6 MAL/F  |p 055071  |r 2015-01-08  |v 0.00  |w 2015-01-08  |y BK